Fiškálne, zdravotné a sociálne dopady zdaňovania tabakových výrobkov na Slovensku a v medzinárodnom kontexte zborník z medzinárodného seminára konaného pod záštitou ministra financií SR Jána Počiatka

Guardado en:
Detalles Bibliográficos
Autores Corporativos: Fiškálne, zdravotné a sociálne dopady zdaňovania tabakových výrobkov na Slovensku a v medzinárodnom kontexte. Medzinárodný seminár, Nadácia F. A. Hayeka
Formato: Libro
Lenguaje:eslovaco
inglés
Publicado: Bratislava Nadácia F. A. Hayeka 2007
Materias:
Etiquetas: Agregar Etiqueta
Sin Etiquetas, Sea el primero en etiquetar este registro!

MARC

LEADER 00000nam$a2200000$$$4500
001 0064471
005 20240318114348.9
020 |a 978-80-969709-1-9 
041 0 |a slo 
041 0 |a eng 
044 |a SK 
245 1 0 |a Fiškálne, zdravotné a sociálne dopady zdaňovania tabakových výrobkov na Slovensku a v medzinárodnom kontexte  |b zborník z medzinárodného seminára konaného pod záštitou ministra financií SR Jána Počiatka 
264 1 |a Bratislava  |b Nadácia F. A. Hayeka  |c 2007 
300 |a 93 s. 
610 2 0 |a výrobky tabakové 
610 2 0 |a tabak 
610 2 0 |a zdaňovanie 
610 2 0 |a Slovensko 
610 2 0 |a Európska únia 
110 2 |a Fiškálne, zdravotné a sociálne dopady zdaňovania tabakových výrobkov na Slovensku a v medzinárodnom kontexte. Medzinárodný seminár 
710 2 |a Nadácia F. A. Hayeka